Towards a sociology of pedagogy: the contribution of Basil Bernstein to research

Furkejuvvon:
Bibliográfalaš dieđut
Váldodahkkit: Morais, Ana (autora), Neves, Isabel (Dahkki), Davies, Brian (Dahkki), Daniels, Harry (Dahkki)
Materiálatiipa: Girji
Giella:eaŋgalasgiella
Almmustuhtton: Nueva York Peter Lang 2001
Ráidu:History of Schools and Schooling, 23
Fáttát:
Fáddágilkorat: Lasit fáddágilkoriid
Eai fáddágilkorat, Lasit vuosttaš fáddágilkora!

MARC

LEADER 00000nam a2200000 a 4500
001 UCI6567
003 CL-VaPUC
008 080516e20010000US |||||||||||||||||eng|d
020 |a 0820455857 
082 0 4 |a 306.43  |b MOR  |2 21 
100 |a Morais, Ana  |e autora  |9 529482 
700 0 |a Neves, Isabel  |e author  |9 529483 
700 0 |a Davies, Brian  |e author  |9 529484 
700 0 |a Daniels, Harry  |e author  |9 529485 
245 1 0 |a Towards a sociology of pedagogy: the contribution of Basil Bernstein to research 
300 |a 397 p 
942 |c BK 
945 |d 20080516 00:00:00  |a rbrito 
260 |a Nueva York  |b Peter Lang  |c 2001 
650 0 |a Sociología de la educación   |9 260380 
650 0 |a Filosofía de la educación   |9 258384 
583 |a last modification  |c 20080516 00:00:00  |k Rodrigo Vera 
490 0 |a History of Schools and Schooling, 23 
999 |c 330032  |d 330030 
952 |0 0  |1 0  |4 0  |6 306_430000000000000_MOR_2001  |7 0  |8 A  |9 415309  |a FDOPOS  |b FDOPOS  |d 2019-11-22  |i 4439724  |o 306.43 MOR 2001  |p 4439724  |r 2025-01-22  |w 2019-11-22  |y BK  |k MLA